[Event "×ÐÊ ñðåäè æåíùèí"]
[Site "?"]
[Date "2014.05.09"]
[Round "7"]
[White "Turebayeva, Alfiya"]
[Black "Davletbayeva, Madina 	"]
[Result "0-1"]
[WhiteElo "2086"]
[BlackElo "2275"]
[PlyCount "78"]
[EventDate "2014.??.??"]

1. e4 e5 2. Nf3 Nc6 3. Bc4 Bc5 4. c3 Nf6 5. d4 exd4 6. O-O d3 7. b4 Bb6 8. a4
a6 9. e5 d5 10. Bxd3 Ng4 11. Bf4 Be6 12. Nbd2 f6 13. h3 Ngxe5 14. Nxe5 fxe5 15.
b5 axb5 16. axb5 Rxa1 17. Qxa1 exf4 18. bxc6 bxc6 19. Re1 Kd7 20. Nf3 Qf6 21.
Ne5+ Kd6 22. Qa4 Bd7 23. Qa3+ c5 24. Nxd7 Kxd7 25. Qa4+ c6 26. c4 Kc7 27. Qd1
g6 28. Qg4 Kd6 29. cxd5 cxd5 30. Rb1 Rb8 31. Bb5 Qf5 32. Qd1 c4 33. Ra1 Bxf2+
34. Kxf2 Rxb5 35. Ra6+ Kc5 36. Qa4 Qd3 37. Qa1 Qc2+ 38. Kf3 Rb3+ 39. Kg4 Qf5+
0-1

[Event "×ÐÊ ñðåäè æåíùèí"]
[Site "?"]
[Date "2014.05.09"]
[Round "7"]
[White "Bauyrzhan, Arnash"]
[Black "Aketayeva, Dana"]
[Result "0-1"]
[WhiteElo "1895"]
[BlackElo "2155"]
[PlyCount "84"]
[EventDate "2014.??.??"]

1. e4 e6 2. d4 d5 3. Nd2 dxe4 4. Nxe4 Nd7 5. Nf3 Ngf6 6. Bd3 Nxe4 7. Bxe4 Nf6
8. Bd3 c5 9. dxc5 Bxc5 10. O-O h6 11. Qe2 Qc7 12. b3 Bd7 13. Bb2 Be7 14. c4 O-O
15. Be5 Qc5 16. b4 Qxb4 17. Rab1 Qa3 18. Rxb7 Bc6 19. Rb3 Qa5 20. Nd4 Ba4 21.
Rb7 Nd7 22. Bf4 Rfe8 23. Nb5 Nc5 24. Nc7 Nxb7 25. Qe4 Qf5 26. Qf3 Qf6 27. Qxb7
Qxf4 28. Nxa8 Bd6 29. g3 Qd4 30. Be2 Qc5 31. Bf3 Rb8 32. Qa6 Be8 33. Rd1 Be5
34. Kg2 Rb2 35. Rf1 Bd4 36. Kh3 Bxf2 37. Rd1 Bg1 38. Rxg1 Qxg1 39. Qd6 Rxh2+
40. Kg4 f5+ 41. Kf4 Qc1+ 42. Ke5 Qe3+ 0-1

[Event "×ÐÊ ñðåäè æåíùèí"]
[Site "?"]
[Date "2014.05.09"]
[Round "7"]
[White "Bauyrzhanova, Klara"]
[Black "Ankudinova, Yelena"]
[Result "0-1"]
[WhiteElo "1794"]
[BlackElo "2145"]
[PlyCount "86"]
[EventDate "2014.??.??"]

1. e4 c6 2. d4 d5 3. Nc3 dxe4 4. Nxe4 Nf6 5. Nxf6+ gxf6 6. Nf3 Bg4 7. Be3 Qd5
8. Be2 Nd7 9. c3 e6 10. Qb3 Nb6 11. O-O-O Qxb3 12. axb3 Nd5 13. h3 Bh5 14. Rhe1
Rg8 15. g4 Bg6 16. Bd3 Bxd3 17. Rxd3 O-O-O 18. Rdd1 a6 19. Nd2 h5 20. gxh5 Rh8
21. c4 Nxe3 22. fxe3 Rxh5 23. Rh1 c5 24. Ne4 cxd4 25. Rxd4 Rxd4 26. exd4 Rh4
27. Nxf6 Rxd4 28. Rg1 Kd8 29. Kc2 Rf4 30. Rd1+ Ke7 31. Ng4 b5 32. Ne5 Bg7 33.
Nd3 Rh4 34. cxb5 axb5 35. Rf1 f5 36. Rf3 Kd6 37. Nf4 Bd4 38. Ne2 Bf6 39. Nf4 e5
40. Rd3+ Kc6 41. Nd5 Bg5 42. Ne3 Bxe3 43. Rxe3 Kd5 0-1